000 02186nam0a2200385 4500
001 RU\NLR\BIBL_A\022645056
005 20251221045332.0
010 _a978-5-0054-4109-6
_9300
035 _a(NLR Aleph) 022645056
090 _a13505041
_c13505041
100 _a20251016d2026 u y0rusy50 ca
101 0 _arus
102 _aRU
105 _aca j 000zy
181 0 _ai3
_baxxe
182 0 _an
200 1 _aОсновы почвоведения, земледелия и агрохимии
_eучебник
_eдля студентов, обучающихся по укрупненным группам профессий и специальностей среднего профессионального образования "Техносферная безопасность и природообустройство", "Сельское, лесное и рыбное хозяйство"
_fБ. Ф. Апарин
203 _aТекст
_bвизуальный
_cнепосредственный
205 _a3-е изд., стер.
210 _aМосква
_cАкадемия
_d2026 (печ. 2025)
215 _a334, [1] с.
_cпортр., ил., цв. ил., табл.
_d22
225 1 _aПрофессиональное образование
_iОбщепрофессиональные дисциплины
320 _aБиблиогр.: 330-332 (50 назв.)
333 _a12+
606 1 _aПочвоведение
_jУчебники для среднего профессионального образования
_91086020
_3RU\NLR\AUTH\66106273
606 1 _aЗемледелие
_jУчебники для среднего профессионального образования
_9901031
_3RU\NLR\AUTH\667501
606 1 _aАгрономическая химия
_jУчебники для среднего профессионального образования
_9898911
_3RU\NLR\AUTH\666293
686 1 _aП03я723-1
686 1 _aП04я723-1
686 1 _aП14я723-1
700 1 _aАпарин
_bБ. Ф.
_gБорис Федорович
942 _cBOOK
980 _aNB